000 00612nam a2200229Ia 4500
003 OSt
005 20221007080534.0
006 a|||||r|||| 00| 0
007 ta
008 221006b |||||||| |||| 00| 0 eng d
024 _a12,542
037 _cTextual
040 _aFLL
_cFLL
_beng
041 _2eng
_aeng
082 _aV2,8:3.N7, L9
100 _aDube S.C. Au.
_9312036
245 0 _aPublic services and social reponsibility
260 _aNew Delhi
_bVikas pub. India
_c1979
300 _a277p
_ccm.
942 _hV2,8:3.N7, L9
_cTEXL
_2CC
999 _c1160027
_d1160027